Statistics for Chicago Blackhawks Roster 2021

Click here to take the quiz!

General Stats

  • This quiz has been taken 185 times
    (5 since last reset)
  • The average score is 18 of 28

Answer Stats

Pos, #BirthplacePlayer% Correct
D, 16Moscow, RussiaNikita Zadorov
100%
F, 8Plzeň, CzechiaDominik Kubalík
100%
G, 30Toronto, OntarioMalcolm Subban
100%
D, 5Dublin, OhioConnor Murphy
100%
F, 12Farmington Hills, MichiganAlex DeBrincat
100%
D, 2Winnipeg, ManitobaDuncan Keith
100%
F, 17Mississauga, OntarioDylan Strome
100%
F, 88Buffalo, New YorkPatrick Kane
100%
D, 51St. Albert, AlbertaIan Mitchell
75%
F, 24Zurich, SwitzerlandPius Suter
75%
F, 34Malmö, SwedenCarl Söderberg
75%
G, 32Helsinki, FinlandKevin Lankinen
75%
F, 65Belleville, OntarioAndrew Shaw
75%
F, 23Münsingen, SwitzerlandPhilipp Kurashev
75%
F, 13Stockholm, SwedenMattias Janmark
75%
F, 38Saskatoon, SaskatchewanBrandon Hagel
75%
F, 64Chomutov, CzechiaDavid Kämpf
50%
D, 74Châteauguay, QuebecNicolas Beaudin
50%
D, 27Falun, SwedenAdam Boqvist
50%
D, 44Carp, OntarioCalvin de Haan
50%
F, 22Oviedo, FloridaRyan Carpenter
50%
G, 60Rancho Cucamonga, CaliforniaCollin Delia
50%
F, 52Regina, SaskatchewanReese Johnson
25%
D, 46Gävle, SwedenLucas Carlsson
25%
F, 36Halifax, Nova ScotiaMatthew Highmore
0%
D, 29Winnipeg, ManitobaMadison Bowey
0%
D, 54Skellefteå, SwedenAnton Lindholm
0%
F, 58Georgetown, OntarioMackenzie Entwhistle
0%

Score Distribution

Percentile by Number Answered

Percent of People with Each Score

Your Score History

You have not taken this quiz since the last reset